Desarrollo y medio ambiente: ¿hacia el desarrollo sustentable? /
Guardado en:
| Hovedforfatter: | |
|---|---|
| Format: | Texto |
| Fag: | |
| Tags: |
Tilføj Tag
Ingen Tags, Vær først til at tagge denne postø!
|
MARC
| LEADER | 00000 a a2200000 04500 | ||
|---|---|---|---|
| 001 | 16458 | ||
| 003 | |||
| 040 | |||
| 100 | |a González y S, Arturo | ||
| 245 | |a Desarrollo y medio ambiente: |b ¿hacia el desarrollo sustentable? / |c Arturo González y S | ||
| 650 | |a DESARROLLO SUSTENTABLE | ||
| 650 | |a MEDIO AMBIENTE | ||
| 650 | |a COOPERACION INTERNACIONAL | ||
| 650 | |a DESARROLLO ECONOMICO | ||
| 650 | |a POBREZA | ||
| 650 | |a CRECIMIENTO DEMOGRAFICO | ||
| 650 | |a ACUERDOS INTERNACIONALES | ||
| 773 | |g número 53; páginas 159-187 | ||
| 999 | |c 26629 |d 26629 | ||
